Therapeutic caregiving : a practical guide for caregivers of persons with Alzheimer's and other dementia-causing diseases /

Bibliographic Details
Main Author: Bridges, Barbara J.
Format: Book
Language:English
Published: Mill Creek, Wash. : BJB Pub., 1996.
Edition:Rev.
Subjects:

MARC

Tag First Indicator Second Indicator Subfields
LEADER 00000cam a2200000 a 4500
001 in00001329607
005 20151005084314.0
008 960910s1996 waua 000 0 eng d
010 |z  95094060  
020 |z 0964517809 
035 |a (OCoLC)35453307 
035 |9 AHD8545AM 
040 |a XBM  |c XBM  |d TXA  |d UtOrBLW 
049 |a TXAM 
090 |a RC521  |b .B75 1996 
100 1 |a Bridges, Barbara J. 
245 1 0 |a Therapeutic caregiving :  |b a practical guide for caregivers of persons with Alzheimer's and other dementia-causing diseases /  |c Barbara J. Bridges. 
250 |a Rev. 
264 1 |a Mill Creek, Wash. :  |b BJB Pub.,  |c 1996. 
300 |a xvi, 234 pages :  |b illustrations ;  |c 25 cm. 
336 |a text  |b txt  |2 rdacontent 
337 |a unmediated  |b n  |2 rdamedia 
338 |a volume  |b nc  |2 rdacarrier 
650 0 |a Dementia  |x Patients  |x Care  |x Handbooks, manuals, etc. 
650 0 |a Alzheimer's disease  |x Patients  |x Care  |x Handbooks, manuals, etc. 
650 0 |a Parkinson's disease  |x Patients  |x Care  |x Handbooks, manuals, etc. 
650 0 |a Cerebrovascular disease  |x Patients  |x Care  |x Handbooks, manuals, etc. 
999 |a MARS 
999 f f |s 94e5f9a4-c6b4-3ae8-8fdd-62534fb93470  |i ff95a588-f90d-3a8e-a2b7-1075ca875645  |t 0 
952 f f |p normal  |a Texas A&M University  |b College Station  |c Sterling C. Evans Library  |d Evans: Library Stacks  |t 0  |e RC521 .B75 1996  |h Library of Congress classification  |i unmediated -- volume  |m A14820740994 
998 f f |a RC521 .B75 1996  |t 0  |l Evans: Library Stacks